Loading...
Bibliography of doctoral dissertations 1970-75: biological sciences
| Format: | Printed Book |
|---|---|
| Published: |
New Delhi, Association of Indian Universities
1980
|
| Subjects: |
| LEADER | 005700000a22001690004500 | ||
|---|---|---|---|
| 041 | |a en | ||
| 082 | |a 011.7 M0 | ||
| 245 | |a Bibliography of doctoral dissertations 1970-75: biological sciences | ||
| 260 | |a New Delhi, Association of Indian Universities | ||
| 260 | |c 1980 | ||
| 310 | |a Association of Indian Universities New Delhi |e India | ||
| 650 | |a Bibliography | ||
| 650 | |a Biology | ||
| 650 | |a Dissertations | ||
| 942 | |c BK | ||
| 999 | |c 149598 |d 149594 | ||
| 952 | |0 0 |1 0 |4 0 |6 011_700000000000000_M0 |7 0 |9 148425 |a SCK |b SCK |d 2017-10-23 |l 0 |o 011.7 M0 |p SCK02860 |r 2017-10-23 |w 2017-10-23 |y BK | ||